[Event "Stay Safe Play From Home 359"]
[Site "Emanuel Lasker Arena"]
[Date "2020.08.05"]
[Round "2"]
[White "AgentsofShield"]
[Black "Nuktotitakoi"]
[Result "0-1"]
[WhiteElo "1945"]
[BlackElo "2399"]
[Annotator "TA"]
[PlyCount "106"]
[EventDate "2020.08.05"]
[EventType "swiss (blitz)"]

{[%evp 17,105,8,8,-14,-12,-4,-8,-6,-13,-25,6,-37,-39,-36,-38,-30,39,26,54,66,292,0,0,0,0,0,0,0,0,0,0,2,85,38,158,158,118,106,182,46,73,0,59,-21,1084,-42,-38,-160,-143,-234,-212,-374,-374,-350,-342,-29979,-29978,-29985,-29977,-29982,-29983,-29985,-29986,-29991,-29992,-29992,-29993,-29994,-29995,-29995,-29996,-29996,-29997,-29998,-29999,-29999,-29995,-29996,-29995,-29996,-29995,-29996,-29996,-29996,-29996,-29996,-29997,-29998,-29998,-29999]} 1. e4 d6 2. d3 Nf6 3. Nd2 c5 4. Ngf3 Nc6 5. g3 g6 6. Bg2 Bg7 7. a4 O-O 8. O-O a6 9. Re1 Rb8 10. Nc4 {A05: Réti Opening: 1 Nf3 Nf6.} b5 11. axb5 axb5 12. Ne3 {The position is equal.} e6 13. h3 {[#]} b4 $146 ({Predecessor:} 13... d5 14. exd5 exd5 15. d4 c4 16. Ne5 Bb7 17. Nxc6 Bxc6 18. c3 Ne4 19. Nxd5 Nxf2 20. Kxf2 Bxd5 {1-0 (33) Galyga,J (1967)-Bartkowiak,K Zabrze 2007}) 14. Ng4 Nxg4 15. hxg4 Qc7 16. g5 b3 (16... Qe7 $11) 17. c3 $14 Rd8 18. Nh2 d5 $2 (18... e5 $14) 19. Bf4 $2 (19. exd5 $1 $18 exd5 20. Bf4 {[%mdl 64] Skewer}) 19... e5 $11 20. exd5 exf4 21. dxc6 fxg3 22. fxg3 Qxg3 23. Qf3 $36 {[%mdl 2048] White is pushing.} Qc7 $1 24. Re3 Bf5 (24... h5 $11) 25. Rae1 {And now Re7 would win.} Bf8 ({Better is} 25... Bxc3 $1 $14 26. Re7 (26. bxc3 b2 $14) 26... Qd6) 26. Ng4 $16 Bxg4 27. Qxg4 Rd6 (27... Ra8 $16) 28. c4 ({White should try} 28. Rf1 $18) 28... Rbd8 29. Bd5 (29. Qg3 $16) 29... Rxc6 (29... Rxd5 $11 30. cxd5 Rxd5) 30. Qf3 (30. Bxc6 $14 Qxc6 31. Qf3 Qxf3 32. Rxf3) 30... Rcd6 $2 {[%mdl 8192] [#]} (30... Ra6 $11) 31. Re8 $2 (31. Re7 $1 $18 {[%mdl 512]} Qxe7 32. Rxe7 Bxe7 33. Qxf7+ {[%mdl 64] Double Attack} Kh8 34. Qxe7) 31... R6d7 $15 {Strongly threatening ...Rxe8.} 32. Rxd8 {Black continues to play with concentration.} (32. Qf6 $15 Qg3+ 33. Kh1) 32... Rxd8 $17 33. Re4 (33. Rf1 $17) 33... Bg7 $19 34. Rf4 $2 (34. Re2) 34... Bd4+ 35. Kg2 Rf8 36. Rxf7 $2 (36. Re4 $19) 36... Rxf7 {Black mates.} 37. Qe4 Qe5 38. Qxe5 Bxe5 39. Kh3 Bxb2 40. Bxf7+ Kxf7 {[%mdl 4096] Endgame KB-K3P} 41. Kg2 Bd4 42. Kf1 b2 43. Ke2 b1=Q 44. Kf3 Qc2 45. Ke4 Qe2+ 46. Kd5 Qxd3 47. Kc6 Qxc4 48. Kb7 Qe2 49. Kc8 c4 50. Kc7 c3 51. Kc6 c2 52. Kd7 Qe6+ 53. Kd8 Bb6# {Accuracy: White = 35%, Black = 40%.} 0-1

[Event "Stay Safe Play From Home 359"]
[Site "Emanuel Lasker Arena"]
[Date "2020.08.05"]
[Round "2"]
[White "Cirovicz"]
[Black "Ao017545"]
[Result "0-1"]
[WhiteElo "1818"]
[BlackElo "1520"]
[Annotator "NA RC"]
[PlyCount "24"]
[EventDate "2020.08.05"]
[EventType "swiss (blitz)"]

1. e4 {[%emt 0:00:02]} e5 {[%emt 0:00:00]} 2. Nf3 {[%emt 0:00:01]} Nf6 {[%emt 0:00:00]} 3. Bc4 {[%emt 0:00:00]} Bc5 {[%emt 0:00:00]} 4. Nc3 {[%emt 0:00:01]} Ng4 {[%emt 0:00:01]} 5. O-O {[%emt 0:00:01]} d6 {[%emt 0:00:03]} 6. h3 {[%emt 0:00:01]} h5 {[%emt 0:00:02]} 7. hxg4 {[%emt 0:00:02]} hxg4 {[%emt 0:00:01]} 8. d4 {[%emt 0:00:00]} gxf3 {[%emt 0:00:02]} 9. Qxf3 {[%emt 0:00:02]} Qh4 {[%emt 0:00:01]} 10. Qh3 {[%emt 0:00:03]} Bxh3 {[%emt 0:00:02]} 11. dxc5 {[%emt 0:00:03]} Bxg2 {[%emt 0:00:04]} 12. Kxg2 {[%emt 0:00:01]} Qg4# {[%emt 0:00:01] (Lag: Av=0.90s, max=1.2s) (Lag: Av=0.90s, max=1.2s) (Lag: Av=0.90s, max=1.2s) (Lag: Av=0.90s, max=1.2s) (Lag: Av=0.90s, max=1.2s)} 0-1

[Event "Stay Safe Play From Home 359"]
[Site "Emanuel Lasker Arena"]
[Date "2020.08.05"]
[Round "2"]
[White "Trotsky"]
[Black "TheCHESSHOUSE"]
[Result "0-1"]
[WhiteElo "1616"]
[BlackElo "2060"]
[Annotator "TA"]
[PlyCount "70"]
[EventDate "2020.08.05"]
[EventType "swiss (blitz)"]

{[%evp 9,70,6,14,-39,0,0,12,7,8,-13,31,0,-5,-156,-169,-170,-122,-126,-141,-153,-126,-167,-125,-152,-94,-118,-110,-186,-180,-625,-621,-722,-729,-731,-645,-644,-350,-705,-727,-925,-859,-959,-404,-1093,-1083,-1133,-1085,-1936,-1459,-1832,-1678,-1937,-1707,-1706,-1664,-5602,-4752,-29985,-29986,-12831,-2204,-29989,-29990]} 1. d4 Nf6 2. e3 g6 3. c4 Bg7 4. Nc3 d6 5. Bd3 O-O 6. Qc2 {E61: King's Indian: Early deviations for White, including Smyslov System.} (6. Nge2 $11) 6... Nc6 (6... e5 $15) 7. a3 $11 e5 8. d5 $1 {[%cal Rd5c6] The position is equal.} Ne7 9. Nf3 {[#]} Ne8 $146 ({Predecessor:} 9... Nh5 10. h3 f5 11. Nh2 Nf6 12. Bd2 c6 13. O-O-O cxd5 14. cxd5 Bd7 15. Kb1 Rc8 {0-1 (48) Bende,E-Lantos,L Hungary 1996}) 10. Ng5 h6 11. h4 $2 {[#]} (11. Nf3 $11) 11... hxg5 $17 12. hxg5 Bf5 13. e4 Bd7 14. Bd2 f5 15. O-O-O f4 16. f3 Kf7 (16... a6 $142 17. Qb3 b6) 17. g3 fxg3 18. f4 (18. Kb1 $17 {keeps fighting.}) 18... exf4 19. e5 $2 (19. Bxf4 Kg8 20. Rdf1) 19... dxe5 $19 20. Ne4 Nd6 21. Nf6 Bxf6 22. gxf6 Kxf6 {[#]} 23. Rhg1 $2 (23. Qc3 $1 {[%mdl 512]} Nb5 {[%mdl 64] Deflection} 24. cxb5 Nxd5 25. Qc2) 23... Bf5 24. Bxf5 Ndxf5 25. Qc3 Qd6 (25... Nd4 $142 {Hoping for ...Ne2+.} 26. Qd3 Nef5) 26. Rdf1 (26. Bxf4 $142 g5 27. Bxg3) 26... g5 27. Rxg3 fxg3 28. Rf3 Rg8 29. Qd3 Raf8 30. Bc3 Kg7 31. Qe4 Rf6 32. c5 Qxd5 33. Qxd5 Nxd5 34. Bxe5 Rgf8 35. Bxf6+ Rxf6 {Accuracy: White = 48%, Black = 48%.} 0-1

[Event "Stay Safe Play From Home 359"]
[Site "Emanuel Lasker Arena"]
[Date "2020.08.05"]
[Round "3"]
[White "Tran Minh Thang"]
[Black "BrainThinker22"]
[Result "1-0"]
[WhiteElo "2495"]
[BlackElo "2355"]
[Annotator "NA RC"]
[PlyCount "127"]
[EventDate "2020.08.05"]
[EventType "swiss (blitz)"]

1. d4 {[%emt 0:00:01]} d5 {[%emt 0:00:01]} 2. Bf4 {[%emt 0:00:01]} e6 {[%emt 0:00:01]} 3. e3 {[%emt 0:00:00]} c5 {[%emt 0:00:05]} 4. c3 {[%emt 0:00:01]} Nc6 {[%emt 0:00:01]} 5. Nd2 {[%emt 0:00:01]} Nf6 {[%emt 0:00:01]} 6. Ngf3 {[%emt 0:00:01]} Be7 {[%emt 0:00:01]} 7. Bd3 {[%emt 0:00:01]} O-O {[%emt 0:00:01]} 8. Ne5 {[%emt 0:00:00]} h6 {[%emt 0:00:03]} 9. O-O {[%emt 0:00:01]} c4 {[%emt 0:00:01]} 10. Bc2 {[%emt 0:00:01]} Nxe5 {[%emt 0:00:00]} 11. dxe5 {[%emt 0:00:03]} Nd7 {[%emt 0:00:00]} 12. e4 {[%emt 0:00:01]} Bg5 {[%emt 0:00:01]} 13. Bxg5 {[%emt 0:00:03]} Qxg5 {[%emt 0:00:00]} 14. Nf3 {[%emt 0:00:00]} Qh5 {[%emt 0:00:05]} 15. exd5 {[%emt 0:00:01]} Nxe5 {[%emt 0:00:01]} 16. Nxe5 {[%emt 0:00:02]} Qxe5 {[%emt 0:00:00]} 17. dxe6 {[%emt 0:00:06]} Bxe6 {[%emt 0:00:00]} 18. Re1 {[%emt 0:00:00]} Qg5 {[%emt 0:00:01]} 19. Qe2 {[%emt 0:00:02]} Bd5 {[%emt 0:00:03]} 20. f3 {[%emt 0:00:02]} g6 {[%emt 0:00:02]} 21. Qf2 {[%emt 0:00:01]} Rfe8 {[%emt 0:00:02]} 22. Rad1 {[%emt 0:00:00]} Bc6 {[%emt 0:00:02]} 23. h4 {[%emt 0:00:01]} Qa5 {[%emt 0:00:06]} 24. a3 {[%emt 0:00:01]} Rxe1+ {[%emt 0:00:01]} 25. Rxe1 {[%emt 0:00:00]} Re8 {[%emt 0:00:00]} 26. Rxe8+ {[%emt 0:00:01]} Bxe8 {[%emt 0:00:00]} 27. Qd4 {[%emt 0:00:00]} Bc6 {[%emt 0:00:09]} 28. h5 {[%emt 0:00:02]} Qd5 {[%emt 0:00:01]} 29. Qxd5 {[%emt 0:00:01]} Bxd5 {[%emt 0:00:00]} 30. hxg6 {[%emt 0:00:00]} fxg6 {[%emt 0:00:00]} 31. Bxg6 {[%emt 0:00:00]} Kg7 {[%emt 0:00:00]} 32. Be4 {[%emt 0:00:00]} Be6 {[%emt 0:00:02]} 33. Bxb7 {[%emt 0:00:01]} a5 {[%emt 0:00:00]} 34. Kf2 {[%emt 0:00:01]} Kf6 {[%emt 0:00:01]} 35. Ke3 {[%emt 0:00:00]} Ke5 {[%emt 0:00:00]} 36. g3 {[%emt 0:00:00]} h5 {[%emt 0:00:01]} 37. f4+ {[%emt 0:00:00]} Kf5 {[%emt 0:00:00]} 38. Bf3 {[%emt 0:00:01]} Kf6 {[%emt 0:00:00]} 39. Bxh5 {[%emt 0:00:01]} Bg8 {[%emt 0:00:00]} 40. Bf3 {[%emt 0:00:01]} Ke7 {[%emt 0:00:00]} 41. Kd4 {[%emt 0:00:00]} Kd6 {[%emt 0:00:00]} 42. Be2 {[%emt 0:00:00]} Bf7 {[%emt 0:00:01]} 43. Bxc4 {[%emt 0:00:00]} Bg6 {[%emt 0:00:00]} 44. g4 {[%emt 0:00:01]} Be8 {[%emt 0:00:00]} 45. g5 {[%emt 0:00:00]} Bd7 {[%emt 0:00:00]} 46. g6 {[%emt 0:00:01]} Bf5 {[%emt 0:00:00]} 47. g7 {[%emt 0:00:00]} Bh7 {[%emt 0:00:00]} 48. g8=Q {[%emt 0:00:01]} Bxg8 {[%emt 0:00:00]} 49. Bxg8 {[%emt 0:00:00]} Ke7 {[%emt 0:00:00]} 50. Bc4 {[%emt 0:00:00]} Kf6 {[%emt 0:00:00]} 51. Ke4 {[%emt 0:00:00]} Ke7 {[%emt 0:00:02]} 52. f5 {[%emt 0:00:00]} Kf8 {[%emt 0:00:00]} 53. Ke5 {[%emt 0:00:00]} Ke7 {[%emt 0:00:00]} 54. f6+ {[%emt 0:00:00]} Kf8 {[%emt 0:00:00]} 55. Ke6 {[%emt 0:00:00]} Ke8 {[%emt 0:00:00]} 56. f7+ {[%emt 0:00:00]} Kf8 {[%emt 0:00:00]} 57. a4 {[%emt 0:00:01]} Kg7 {[%emt 0:00:01]} 58. Ke7 {[%emt 0:00:00]} Kg6 {[%emt 0:00:00]} 59. f8=Q {[%emt 0:00:00]} Kg5 {[%emt 0:00:00]} 60. Qf6+ {[%emt 0:00:01]} Kg4 {[%emt 0:00:00]} 61. Be2+ {[%emt 0:00:00]} Kg3 {[%emt 0:00:00]} 62. Qf3+ {[%emt 0:00:01]} Kh2 {[%emt 0:00:00]} 63. Bf1 {[%emt 0:00:01]} Kg1 {[%emt 0:00:01]} 64. Qg2# {[%emt 0:00:00] (Lag: Av=0.81s, max=1.4s) (Lag: Av=0.81s, max=1.4s) (Lag: Av=0.81s, max=1.4s) (Lag: Av=0.81s, max=1.4s) (Lag: Av=0.81s, max=1.4s) Mate Mate Mate Mate Mate} 1-0

[Event "Stay Safe Play From Home 359"]
[Site "Emanuel Lasker Arena"]
[Date "2020.08.05"]
[Round "3"]
[White "Nuktotitakoi"]
[Black "Gokerkan"]
[Result "1-0"]
[WhiteElo "2401"]
[BlackElo "2594"]
[Annotator "TA"]
[PlyCount "59"]
[EventDate "2020.08.05"]
[EventType "swiss (blitz)"]

{[%evp 9,59,0,-2,-3,10,-8,-4,-4,-4,-54,-44,-51,-54,-107,-68,-133,-46,-56,-50,-62,-44,-55,-43,-152,-133,-119,-79,-58,-11,-14,0,0,62,-108,-104,-128,-113,-140,-132,-139,-131,-139,-106,-160,-120,-170,-153,-175,-122,-164,29998,29999]} 1. e3 g6 2. b3 Bg7 3. c3 Nf6 4. d4 O-O 5. Nf3 c5 6. Be2 {A00: Irregular Openings.} cxd4 7. exd4 d5 8. O-O {The position is equal.} Nc6 {[#]} 9. Bf4 $146 ({Predecessor:} 9. Re1 Bf5 10. Bb2 Ne4 11. Nbd2 Rc8 12. Nxe4 dxe4 13. Nd2 e5 14. d5 Qxd5 15. Bc4 {0-1 (31) Wolter,M-Sorensen,J (2395) Berlin 1993}) 9... Ne4 10. Qc2 Bf5 {White must now prevent ...Ng3!} 11. Bd3 (11. Qb2 $15) 11... Rc8 {aiming for ...Nb4!} 12. Qd1 (12. Qe2 $15) 12... Qa5 ({Black should try} 12... Bg4 $17 13. Be2 e6) 13. b4 Qb6 14. Re1 a5 15. a3 Rfe8 $36 {[%mdl 2048] Black has good play.} 16. Ne5 (16. Ra2 $15) 16... Nxe5 ({Resist} 16... axb4 17. Bxe4 Bxe4 18. axb4 $15) 17. Bxe4 Bxe4 (17... dxe4 {is interesting.} 18. dxe5 Red8 19. Qa4 h6 20. Nd2 axb4 21. Rab1 Qa6) 18. dxe5 Bxb1 (18... g5 {keeps more tension.} 19. Be3 Qg6 20. Bd4 Bc2 21. Qe2 a4) 19. Rxb1 Rxc3 20. bxa5 Qxa5 ({Better is} 20... Qc6 $11) 21. Rxb7 $2 (21. Bd2 $14 {was forced to keep a grip.}) 21... Rxa3 $17 22. Bd2 Qa6 23. Rd7 Qc6 24. Bb4 Qxd7 25. Bxa3 e6 26. Qd4 (26. g3 $142) 26... Rc8 27. h3 Rc4 28. Qb6 Qc7 (28... h5 $19 29. Bd6 Qc8) 29. Qb5 {Qe8+ would kill now.} Qxe5 $4 {[%mdl 8192] [#]} ({But not} 29... Bxe5 $2 {[#]} 30. Rxe5 $1 {[%mdl 512]} Rc6 31. Qb4 $18) (29... h5 $19 30. Bd6 Qc8) 30. Qe8+ {Accuracy: White = 51%, Black = 46%.} 1-0

[Event "Stay Safe Play From Home 359"]
[Site "Emanuel Lasker Arena"]
[Date "2020.08.05"]
[Round "3"]
[White "Lamborghini"]
[Black "NTBT_DHS"]
[Result "0-1"]
[WhiteElo "2309"]
[BlackElo "2606"]
[Annotator "TA"]
[PlyCount "64"]
[EventDate "2020.08.05"]
[EventType "swiss (blitz)"]

{[%evp 11,64,52,36,-4,-2,-70,-61,-104,-105,-209,-193,-191,-170,-258,-164,-264,-137,-159,-112,-221,-221,-236,-228,-907,-891,-845,-717,-695,-633,-637,-631,-881,-862,-799,-610,-589,-582,-511,-404,-369,-215,-402,-387,-939,-887,-785,-760,-757,-752,-749,-741,-715,-724,-5306,-5306]} 1. e4 g6 2. d4 Bg7 3. Nc3 d6 4. Be3 Nd7 5. Qd2 a6 6. O-O-O b5 {[%cal Bb7b5,Bb5b4][%mdl 32]} 7. f4 {B06: Modern Defence.} Bb7 8. Bd3 (8. e5 $11) 8... Ngf6 {[#]} 9. h3 $146 {Black is slightly better.} ({Predecessor:} 9. e5 b4 10. Na4 Ng4 11. Nf3 Bc6 12. b3 Bxa4 13. bxa4 Nb6 14. f5 Qd7 15. a5 {0-1 (24) Nikolaidis,M (2000)-Townsend,M (2219) Anogia 2015}) 9... b4 10. Nd5 (10. Na4 $17) 10... Nxd5 $19 ({Don't do} 10... Bxd5 11. exd5 Nxd5 12. f5 $17) 11. exd5 Bxd5 12. Nf3 (12. Kb1 {might work better.}) 12... O-O ({Less strong is} 12... Bxa2 13. Qxb4 Bd5 14. Bc4 $17) 13. Kb1 (13. Qxb4 $142 c5 14. Qa3) 13... a5 (13... c5 $19 14. b3 Qa5) 14. h4 a4 {[%cal Ba5a4,Ba4a3][%mdl 32]} 15. Qxb4 {[#]} (15. h5 $17) 15... c5 $1 {[%cal Rc5b4][%mdl 512]} 16. dxc5 {[#]} Rb8 $1 {[%cal Rb8b4]} 17. Qa3 $2 (17. Bb5 dxc5 18. Bxc5 Nxc5 19. Qxc5) 17... Bxb2 18. Qxb2 Rxb2+ 19. Kxb2 {[#]} a3+ $1 {[%mdl 512]} 20. Kc1 (20. Kxa3 Qa5+) 20... Qa5 21. h5 Bxf3 22. gxf3 Nxc5 23. hxg6 fxg6 {Threatens to win with ...Qc3!} 24. Bc4+ Kg7 25. Bd4+ {[#]} Rf6 $1 {[%mdl 512]} 26. Bxf6+ $2 (26. f5 {was the only chance.} Nd7 27. Be6) 26... exf6 27. Rxd6 $2 (27. Rde1 Qc3 {[%mdl 64] Double Attack} 28. Re7+ Kf8 29. Rhe1 Qb2+ 30. Kd1 Qd4+ 31. Bd3) 27... Qc3 {[%mdl 64] Double Attack. Black is clearly winning.} 28. Rc6 Qa1+ 29. Kd2 Qxh1 30. Rxc5 Qxf3 {White must now prevent ...Qf2+.} 31. Rc7+ Kh6 32. Bg8 Qxf4+ {[%mdl 64] Double Attack. Accuracy: White = 16%, Black = 57%.} 0-1

[Event "Stay Safe Play From Home 359"]
[Site "Emanuel Lasker Arena"]
[Date "2020.08.05"]
[Round "3"]
[White "SelamiSahin"]
[Black "UHU4"]
[Result "1-0"]
[WhiteElo "2163"]
[BlackElo "1419"]
[Annotator "TA"]
[PlyCount "51"]
[EventDate "2020.08.05"]
[EventType "swiss (blitz)"]

{[%evp 9,51,51,113,-22,-25,-30,19,19,28,-18,8,-145,-54,-155,-27,-105,-23,-29,-35,-31,134,54,196,191,189,180,190,189,195,152,370,312,308,308,314,305,316,301,343,294,414,414,476,383]} 1. d4 d5 2. c4 e5 3. Nc3 exd4 4. Qxd4 Nf6 5. cxd5 Nc6 {[#]} (5... Nbd7 $14) 6. Qa4 $146 {D08: Albin Counter Gambit.} (6. Qd1 $16 Ne5 7. e4) ({Predecessor:} 6. Qd1 Ne7 7. e4 c6 8. Bg5 cxd5 9. Bxf6 gxf6 10. exd5 Bg7 11. Bc4 O-O 12. Nf3 {1-0 (40) Nguyen,Q (1785)-Dang,N Ho Chi Minh City 2015}) 6... Nxd5 $11 7. Bd2 Nxc3 (7... Nb6 {with more complications.} 8. Qc2 Qf6 9. Nf3 Bf5 10. e4 Bg4) 8. Bxc3 {The position is equal.} Bd7 {With the idea ...Nb4.} 9. Qc2 Bd6 10. e4 $2 (10. Bxg7 $11 Bb4+ 11. Bc3) 10... O-O (10... Nb4 $1 $17 {[%cal Rb4c2]} 11. Qb1 Qe7) 11. f3 (11. a3 $15) 11... Bf4 (11... Nb4 $17 12. Qd2 Qh4+ 13. g3 {[#]} Bxg3+ $1 {[%mdl 512]} 14. hxg3 Qxg3+ 15. Kd1 Ba4+ 16. b3 Rad8 17. Bxb4 (17. Bd4 $2 c5 $19) 17... Rxd2+ 18. Bxd2 Bb5 $1 {[%mdl 512]}) 12. Bc4 (12. Ne2 $11 Bh6 13. g3) 12... Be6 (12... Qg5 $17 13. Rd1 Rad8) 13. Bxe6 fxe6 14. Ne2 e5 $2 (14... Be3 $15 {stays ahead.}) 15. O-O ({White should play} 15. Nxf4 $16 Rxf4 16. Rd1) 15... Qf6 ({Better is} 15... Be3+ $14 16. Kh1 Kh8) 16. Nxf4 $18 Qxf4 17. Qb3+ Kh8 18. Qxb7 Qe3+ 19. Kh1 Ne7 $2 {Black cannot hold the game after this.} (19... Qb6 $16 20. Qxb6 axb6) 20. Qxc7 Ng6 21. Bxe5 Nxe5 22. Qxe5 Rae8 23. Qc3 Qh6 24. Rad1 Rf4 (24... Qa6 $142 25. Qd4 Qxa2) 25. Rd7 Qg6 26. g3 {Accuracy: White = 43%, Black = 18%.} 1-0

[Event "Stay Safe Play From Home 359"]
[Site "Emanuel Lasker Arena"]
[Date "2020.08.05"]
[Round "3"]
[White "Lazieri3"]
[Black "Cirovicz"]
[Result "1-0"]
[WhiteElo "2068"]
[BlackElo "1790"]
[Annotator "RC"]
[PlyCount "49"]
[EventDate "2020.08.05"]
[EventType "swiss (blitz)"]

1. e4 {[%emt 0:00:01]} e5 {[%emt 0:00:01]} 2. Nc3 {[%emt 0:00:01]} Nc6 {[%emt 0:00:00]} 3. d3 {[%emt 0:00:00]} d6 {[%emt 0:00:00]} 4. Nf3 {[%emt 0:00:01]} Be6 {[%emt 0:00:00]} 5. d4 {[%emt 0:00:01]} Qd7 {[%emt 0:00:01]} 6. d5 {[%emt 0:00:01]} Nd4 {[%emt 0:00:02]} 7. Nxd4 {[%emt 0:00:02]} exd4 {[%emt 0:00:01]} 8. dxe6 {[%emt 0:00:00]} Qxe6 {[%emt 0:00:02]} 9. Qxd4 {[%emt 0:00:01]} f5 {[%emt 0:00:01]} 10. Bc4 {[%emt 0:00:01]} Qe7 {[%emt 0:00:04]} 11. Nd5 {[%emt 0:00:02]} Qd7 {[%emt 0:00:02]} 12. exf5 {[%emt 0:00:02]} O-O-O {[%emt 0:00:03]} 13. Qxa7 {[%emt 0:00:02]} Re8+ {[%emt 0:00:03]} 14. Kf1 {[%emt 0:00:01]} Qxf5 {[%emt 0:00:01]} 15. Be3 {[%emt 0:00:05]} Nf6 {[%emt 0:00:03]} 16. Qa8+ {[%emt 0:00:02]} Kd7 {[%emt 0:00:01]} 17. Qxb7 {[%emt 0:00:00]} Nxd5 {[%emt 0:00:04]} 18. Bxd5 {[%emt 0:00:01]} Ke7 {[%emt 0:00:02]} 19. Re1 {[%emt 0:00:03]} Kf6 {[%emt 0:00:01]} 20. Bd4+ {[%emt 0:00:01]} Kg5 {[%emt 0:00:02]} 21. Rxe8 {[%emt 0:00:01]} h5 {[%emt 0:00:03]} 22. Be3+ {[%emt 0:00:01]} Kg6 {[%emt 0:00:04]} 23. Be4 {[%emt 0:00:01]} Be7 {[%emt 0:00:02]} 24. Bxf5+ {[%emt 0:00:01]} Kxf5 {[%emt 0:00:00]} 25. Rxe7 {[%emt 0:00:01] Cirovicz resigns Cirovicz resigns Cirovicz resigns Cirovicz resigns Cirovicz resigns (Lag: Av=0.76s, max=1.0s) (Lag: Av=0.76s, max=1.0s) (Lag: Av=0.76s, max=1.0s) (Lag: Av=0.76s, max=1.0s) (Lag: Av=0.76s, max=1.0s)} 1-0

[Event "Stay Safe Play From Home 359"]
[Site "Emanuel Lasker Arena"]
[Date "2020.08.05"]
[Round "3"]
[White "TheCHESSHOUSE"]
[Black "SoulofWolf"]
[Result "0-1"]
[WhiteElo "2062"]
[BlackElo "2197"]
[Annotator "TA"]
[PlyCount "150"]
[EventDate "2020.08.05"]
[EventType "swiss (blitz)"]

{[%evp 9,150,58,72,60,77,65,57,58,75,58,68,48,75,20,91,-2,35,50,66,37,17,-19,-14,-88,-87,-106,-85,-108,-64,-123,-69,-59,-35,-50,0,-51,-43,-32,0,-31,10,-38,-35,-34,26,26,26,26,26,24,41,26,42,18,72,0,0,-104,-7,-75,9,-145,-133,-127,-75,-107,-111,-142,-142,-215,0,0,0,0,0,0,0,0,0,0,0,0,0,-6,-6,-8,596,-10,239,-17,0,0,290,0,0,0,0,0,0,0,0,0,259,-185,-186,-200,135,-181,-181,-252,-214,-234,-188,-216,-147,-263,-240,-342,-143,-328,-255,-403,-402,-452,-382,-385,-350,-297,-139,-263,-139,-139,-139,-139,-129,-136,144,-34,-43,-39,494,478,412]} 1. d4 c5 2. d5 Nf6 3. c4 e5 4. Nc3 d6 5. g3 h6 6. Bg2 {A56: Czech Benoni.} Be7 7. Nf3 {[#]} O-O $146 ({Predecessor:} 7... a6 8. O-O Nh7 9. a4 O-O 10. Ne1 f5 11. Nd3 g5 12. a5 Nd7 13. f3 Ndf6 {1-0 (41) Nepomnishay,M (2465)-Shchukin,D (2310) St Petersburg 1997}) 8. O-O {White is slightly better.} Bg4 9. h3 Bh5 10. Nh4 Qd7 11. Bd2 (11. g4 $16 Nxg4 12. hxg4 Qxg4 13. Nf3) 11... a6 (11... Ne8 $11) 12. Kh2 (12. Qc2 $16) 12... g5 13. Nf3 Bg6 14. a3 e4 15. Ng1 Re8 16. Be3 (16. f4 $11) 16... Bf8 17. b4 b6 18. Rc1 Ra7 19. Qd2 (19. Bd2 $15) 19... Bg7 (19... Qe7 $17) 20. f4 $15 g4 21. h4 h5 22. Rf2 ({White should play} 22. Rb1 $11) 22... Bf5 23. Rff1 Kh8 24. Nd1 Kh7 25. Qe1 Qe7 26. Bd2 Nfd7 (26... e3 $15 27. Nxe3 Be4) 27. Ne3 $11 Qf6 28. Bc3 Qg6 29. Bxg7 Kxg7 30. Qc3+ Kh7 31. Kh1 Nf6 (31... b5 $11 {remains equal.}) 32. Kh2 (32. bxc5 $16 {Strongly threatening c6.} bxc5 33. Rb1 (33. Nxf5 Qxf5 34. e3 Nbd7 $14)) 32... Nbd7 33. Rf2 (33. Rb1 $11 {keeps the balance.}) 33... Ng8 (33... b5 $17) 34. Nd1 (34. Nxf5 $11 Qxf5 35. e3) 34... Qg7 (34... Ne7 $17) 35. Ne3 $2 (35. Qb3 $11) 35... Qxc3 $17 36. Rxc3 Kg6 (36... Ne7 $142 37. Rf1 Kg7) 37. Rf1 Ngf6 38. Rb1 {[#]} Rc8 $1 39. b5 (39. Nxf5 $17 Kxf5 40. e3) 39... a5 $2 (39... axb5 $19 40. Rxb5 Rca8) 40. a4 Re8 41. Bf1 Re7 42. Bg2 Ra8 43. Bf1 Rae8 44. Bg2 Ng8 45. Bf1 Ndf6 46. Bg2 Nh7 47. Bf1 Kg7 $2 {[%mdl 8192]} (47... Nh6 $11) 48. Bg2 $2 (48. Nxf5+ $18 Kf8 49. Nxe7 Kxe7 50. e3) 48... Bg6 $2 (48... Nh6 $11 {and Black is okay.}) 49. Bf1 $2 ({White has to play} 49. f5 $18) 49... f5 50. Bg2 Bf7 $2 {[%mdl 8192]} (50... Kf7 $11 {and Black stays safe.}) 51. Bf1 $2 (51. Nxf5+ $18 Kh8 52. Nxe7 Rxe7 53. e3) 51... Nh6 52. Bg2 Bg8 53. Bf1 Nf8 54. Bg2 Ng6 55. Bf1 Nxh4 $2 {[%mdl 8192]} (55... Nf8 $11) 56. Bg2 $4 {[%mdl 8192]} (56. gxh4 $18 Bf7 57. Bg2) 56... Ng6 $19 57. Bf1 Nf7 $2 ({Black should try} 57... Bf7 $19 {Hoping for ...h4.} 58. Ng2 {[#]} h4 $1 {[%mdl 512]} 59. gxh4 e3) 58. Bg2 $2 {[%mdl 8192]} (58. Nxf5+ $16 Kf6 59. Nxe7 Nxe7 60. e3) 58... Kf6 59. Kh1 (59. Nc2 $142) 59... Bh7 60. Kh2 Rh8 61. Bf1 Bg8 62. Kg2 (62. Ng2 $17) 62... Rh7 63. Kf2 (63. Nc2 $142) 63... Nh6 (63... h4 $19 {and Black stays clearly on top. ...h3 is the strong threat.} 64. Kg2 Nfh8) 64. Ke1 $2 (64. Ng2 $17 {is a better defense.}) 64... Bf7 65. Kd2 (65. Ng2 {was necessary.}) 65... h4 66. Ng2 hxg3 67. e3 Ng8 68. Ne2 Nh4 (68... Re8 $19 69. Rc2 N8e7) 69. Nxg3 (69. Nxh4 $17 {is the only way for White.} Rxh4 70. Bg2) 69... Nxg2 (69... Nf3+ $19 70. Ke2 Rh3) 70. Bxg2 $17 Rh2 71. Rg1 Nh6 72. Ke1 Bxd5 $2 {[%mdl 8192]} (72... Be8 $17 {keeps the pressure on.} 73. Kf2 Ng8) 73. Nf1 $2 {[#]} (73. cxd5 $16 Ng8 74. Nf1) 73... Rxg2 $1 $15 74. Rxg2 Bxc4 $2 {[%mdl 8192]} (74... Be6 $15 {stays ahead.}) 75. Rxc4 $18 d5 {[%mdl 32768] What a fight! Accuracy: White = 39%, Black = 46%. . Loss on time!?} 0-1